Central Library OPAC University of Rajshahi

Language reform in modern Turkey / (Record no. 61466)

MARC details
000 -LEADER
fixed length control field 00769nam a2200265 a 4500
001 - CONTROL NUMBER
control field 61466
003 - CONTROL NUMBER IDENTIFIER
rucl marc code BD-RjUL
005 - DATE AND TIME OF LATEST TRANSACTION
control field 20211209080952.0
008 - FIXED-LENGTH DATA ELEMENTS--GENERAL INFORMATION
fixed length control field 170118s1954 is 001 0 eng
035 ## - SYSTEM CONTROL NUMBER
System control number (BD-RjUL)61590
System control number (OCoLC)3816059
040 ## - CATALOGING SOURCE
Original cataloging agency DLC
Transcribing agency ScU
Modifying agency BD-RjUL
Language of cataloging eng
041 ## - LANGUAGE CODE
Language code of text/sound track or separate title eng
082 ## - DEWEY DECIMAL CLASSIFICATION NUMBER
Edition number 23
Classification number 494.35
Author mark and year HEL 1954
100 1# - MAIN ENTRY--PERSONAL NAME
Personal name Heyd, Uriel.
9 (RLIN) 183206
245 10 - TITLE STATEMENT
Title Language reform in modern Turkey /
Statement of responsibility, etc. Uriel Heyd
260 ## - PUBLICATION, DISTRIBUTION, ETC. (IMPRINT)
Place of publication, distribution, etc. Jerusalem :
Name of publisher, distributor, etc. Israel Oriental Society,
Date of publication, distribution, etc. 1954.
300 ## - PHYSICAL DESCRIPTION
Pagination 116 p. ;
Size 22 cm.
490 0# - SERIES STATEMENT
Series statement Oriental notes and studies,
Volume/sequential designation no. 5
500 ## - GENERAL NOTE
General note Includes index
650 #0 - SUBJECT ADDED ENTRY--TOPICAL TERM
Topical term or geographic name as entry element Turkish language
General subdivision History
9 (RLIN) 183207
830 ## - SERIES ADDED ENTRY--UNIFORM TITLE
Uniform title Oriental notes and studies
Volume number/sequential designation no. 5
942 ## - ADDED ENTRY ELEMENTS (KOHA)
Source of classification or shelving scheme Dewey Decimal Classification
Koha item type Books
Holdings
Lost status Source of classification or shelving scheme Damaged status Not for loan Collection code Permanent Location Current Location Shelving location Date acquired Source of acquisition Total Checkouts Full call number Date last seen Copy number Koha item type
  Dewey Decimal Classification   Not For Loan Non-fiction Central Library, University of Rajshahi Central Library, University of Rajshahi Reading Room 25/01/1963 N/A   494.35 HEL 1954 18/01/2017 C-1 Books